Presupuesto y control de los gastos del Estado / Santiago Fuentes Vega
ISBN:
84-500-9929-3
Publicado:
Madrid :
Ministerio de Transportes, Turismo y Comunicacions. Servicio de Publicaciones ,
1984
Descripción Física:
276 p. ; 25 cm
Materias:
Pressupost -- Espanya
MARC
| LEADER | 00000nam a2200000Ia 4500 | ||
|---|---|---|---|
| 001 | 18181 | ||
| 008 | 160829s1984 xx 000 0 cat d | ||
| 020 | |a 84-500-9929-3 | ||
| 080 | |a M-5-251 | ||
| 100 | |a Fuentes Vega, Santiago |9 23325 | ||
| 245 | |a Presupuesto y control de los gastos del Estado / Santiago Fuentes Vega | ||
| 260 | |a Madrid : |b Ministerio de Transportes, Turismo y Comunicacions. Servicio de Publicaciones, |c 1984 | ||
| 300 | |a 276 p. ; |c 25 cm | ||
| 590 | |a Bibliografia | ||
| 650 | |a Pressupost |x Espanya |9 23326 | ||
| 901 | |a Arxiu | ||
| 942 | |n 1 | ||
| 952 | |0 0 |1 0 |4 0 |6 M5251 |7 1 |9 42664 |a Arxiu |b Arxiu |d 2016-12-01 |l 0 |o M-5-251 |p 18181 |r 2016-12-01 00:00:00 |w 2016-12-01 |y ARXIU | ||
| 999 | |c 45170 |d 45170 | ||